| 000 | 00590nam a2200193Ia 4500 | ||
|---|---|---|---|
| 003 | GCL | ||
| 008 | 140319s9999 xx 000 0 ara d | ||
| 020 | _a5400215977 | ||
| 040 |
_aGCL / _cGCL |
||
| 082 | 0 | 4 |
_a819 _bف ح |
| 100 | 1 | _aفاروق جويدة | |
| 245 | 1 | 0 |
_aحبيبتى ولكن / _cفاروق جويدة |
| 250 | _aالاولى | ||
| 260 |
_aالقاهرة : _bدار غريب للطباعة والنشر والتوزيع ، _c1999 |
||
| 300 |
_a243 ص ؛ _c19 سم |
||
| 650 | 0 | 4 | _aالادب العربى |
| 650 | 0 | 4 | _aالنثر العربى - مصر |
| 942 |
_2ddc _cBK |
||
| 999 |
_c4975 _d4975 |
||